Advanced technologies for the identification of pure lines, hybrids and varieties (Record no. 53864)

MARC details
000 -LEADER
fixed length control field 00407nam a2200145Ia 4500
100 ## - MAIN ENTRY--AUTHOR NAME
Personal name Marsan P A
245 #0 - TITLE STATEMENT
Title Advanced technologies for the identification of pure lines, hybrids and varieties
260 ## - PUBLICATION, DISTRIBUTION, ETC. (IMPRINT)
Name of publisher Sementi Elette
Year of publication 1994
300 ## - PHYSICAL DESCRIPTION
Number of Pages 51-54
500 ## - GENERAL NOTE
General note Source Year: 1994
650 ## - SUBJECT ADDED ENTRY--TOPICAL TERM
Topical Term DNA fingerprinting
856 ## - ELECTRONIC LOCATION AND ACCESS
Uniform Resource Identifier PBA
942 ## - ADDED ENTRY ELEMENTS (KOHA)
Koha item type Journals
Holdings
Withdrawn status Lost status Damaged status Not for loan Home library Current library Date acquired Serial Enumeration / chronology Koha item type
      Journals RRII Library RRII Library 17/12/2021 Volume 39, Issue 04-Mar Journals